Impact of politicians’ salaries and their dedication regime on the efficiency of municipal public services (Record no. 519332)

000 -LEADER
fixed length control field 01144nam a22001577a 4500
008 - FIXED-LENGTH DATA ELEMENTS--GENERAL INFORMATION
fixed length control field 220225b ||||| |||| 00| 0 eng d
100 ## - MAIN ENTRY--PERSONAL NAME
Personal name Benito, Bernardino et al
245 ## - TITLE STATEMENT
Title Impact of politicians’ salaries and their dedication regime on the efficiency of municipal public services
260 ## - PUBLICATION, DISTRIBUTION, ETC. (IMPRINT)
Place of publication, distribution, etc Local Government Studies
300 ## - PHYSICAL DESCRIPTION
Extent 47(5), Oct, 2021: p.784-807
520 ## - SUMMARY, ETC.
Summary, etc Cases of corruption, the financial and economic crisis, and citizens’ growing interest in public affairs have contributed to the political changes that have taken place in Spain in recent years. In this scenario, in which new political actors appear, this research analyses whether politicians’ remuneration, their dedication regime and several socio-political and economic variables have an impact on the efficiency of the main municipal services. The results indicate the key role of remuneration and the dedication of politicians in efficiency. – Reproduced
650 ## - SUBJECT ADDED ENTRY--TOPICAL TERM
Topical term or geographic name as entry element Publication salaries, Local government, Efficiency, Municipal service.
9 (RLIN) 30210
773 ## - HOST ITEM ENTRY
Main entry heading Local Government Studies
906 ## - LOCAL DATA ELEMENT F, LDF (RLIN)
Subject DIP LOCAL GOVERNMENTS
942 ## - ADDED ENTRY ELEMENTS (KOHA)
Item type Articles
Holdings
Withdrawn status Lost status Source of classification or shelving scheme Damaged status Not for loan Permanent location Current location Date acquired Serial Enumeration / chronology Barcode Date last seen Koha item type
          Indian Institute of Public Administration Indian Institute of Public Administration 2022-02-25 47(5), Oct, 2021: p.784-807 AR126271 2022-02-25 Articles

Powered by Koha